[Event "CZE/SVK-chT (Women)"]
[Site "Ruzomberok"]
[Date "2018.09.14"]
[Round "5"]
[White "Korenova, Simona"]
[Black "Dvorakova, Magdalena"]
[Result "1/2-1/2"]
[WhiteElo "1749"]
[BlackElo "2026"]
[PlyCount "79"]
[EventDate "2018.09.10"]
[EventType "team-tourn"]
[EventRounds "5"]
[EventCountry "SVK"]
[SourceTitle "CBM 186 Extra"]
[Source "ChessBase"]
[SourceDate "2018.08.24"]
[SourceVersion "1"]
[SourceVersionDate "2018.08.24"]
[SourceQuality "1"]
[WhiteTeam "Liptov Chess School (W)"]
[BlackTeam "Interchess (W)"]
[WhiteTeamCountry "SVK"]
[BlackTeamCountry "CZE"]

1. c4 e5 2. Nc3 Nf6 3. g3 c6 4. Bg2 d5 5. cxd5 cxd5 6. d4 e4 7. Bg5 Bb4 8. Rc1 0-0 9. e3 Nc6 10. Nge2 Bg4 11. 0-0 Bxc3 12. Rxc3 h6 13. Bxf6 Qxf6 14. h3 Bxe2 15. Qxe2 Qd6 16. Qb5 Rab8 17. Rc5 Rfd8 18. Rfc1 Qe6 19. b4 a6 20. Qb6 Nxd4 21. Qxe6 Nxe6 22. R5c2 f5 23. Rd2 d4 24. exd4 Nxd4 25. Rcd1 Nc6 26. a3 Rxd2 27. Rxd2 Rd8 28. Rxd8+ Nxd8 29. Kf1 Kf7 30. Ke2 Ke6 31. Ke3 Ke5 32. f3 exf3 33. Bxf3 g5 34. Kd3 b6 35. a4 Kd6 36. Kc4 Nc6 37. Bg2 Ne5+ 38. Kd4 Nc6+ 39. Kc4 Ne5+ 40. Kd4 1/2-1/2

[Event "CZE/SVK-chT (Women)"]
[Site "Ruzomberok"]
[Date "2018.09.10"]
[Round "1"]
[White "Dvorakova, Magdalena"]
[Black "Tomcikova, Zuzana"]
[Result "1/2-1/2"]
[WhiteElo "2026"]
[BlackElo "1833"]
[PlyCount "72"]
[EventDate "2018.09.10"]
[EventType "team-tourn"]
[EventRounds "5"]
[EventCountry "SVK"]
[SourceTitle "CBM 186 Extra"]
[Source "ChessBase"]
[SourceDate "2018.08.24"]
[SourceVersion "1"]
[SourceVersionDate "2018.08.24"]
[SourceQuality "1"]
[WhiteTeam "Interchess (W)"]
[BlackTeam "Zilina Region CF (W)"]
[WhiteTeamCountry "CZE"]
[BlackTeamCountry "SVK"]

1. e4 c6 2. d4 d5 3. Nc3 dxe4 4. Nxe4 Bf5 5. Ng3 Bg6 6. Nf3 e6 7. Bd3 Bxd3 8. Qxd3 Nf6 9. Bd2 Qc7 10. Ne5 Nbd7 11. f4 c5 12. Nxd7 Qxd7 13. dxc5 Qxd3 14. cxd3 Bxc5 15. Ne4 Nxe4 16. dxe4 0-0 17. Bc3 Rfd8 18. Ke2 Rd7 19. Rhd1 Rad8 20. Rxd7 Rxd7 21. Rc1 Bb6 22. Rd1 Rxd1 23. Kxd1 f6 24. Ke2 Kf7 25. Kd3 g6 26. Bd4 Bc7 27. g3 a6 28. Kc4 Ke7 29. Kc5 Bd8 30. a4 Kd7 31. b4 Be7+ 32. Kb6 Kc8 33. b5 axb5 34. Kxb5 Bd8 35. a5 Be7 36. a6 bxa6+ 1/2-1/2

[Event "CZE/SVK-chT (Women)"]
[Site "Martin"]
[Date "2010.??.??"]
[Round "3"]
[White "Dvorakova, Magdalena"]
[Black "Dvoranova, Maria"]
[Result "0-1"]
[WhiteElo "2035"]
[BlackElo "2010"]
[PlyCount "93"]
[EventDate "2010.05.??"]
[EventType "team-tourn"]
[EventRounds "7"]
[EventCountry "SVK"]
[SourceTitle "EXT 2012"]
[Source "ChessBase"]
[SourceDate "2011.11.24"]
[SourceVersion "1"]
[SourceVersionDate "2011.11.24"]
[SourceQuality "1"]

1. e4 e6 2. d4 d5 3. Nd2 Nf6 4. Bd3 b6 5. Ne2 Ba6 6. Nf3 Bxd3 7. Qxd3 c5 8. c3 Be7 9. 0-0 Nc6 10. Re1 Qc7 11. a3 h6 12. e5 Nd7 13. Qc2 Rc8 14. Qa4 c4 15. Nf4 0-0 16. Qc2 b5 17. h3 a5 18. Nh2 Bg5 19. Nh5 Bxc1 20. Qxc1 Ne7 21. Ng4 Nf5 22. Nxh6+ gxh6 23. g4 Kh7 24. gxf5 Rg8+ 25. Kh1 Rg5 26. Ng3 Rcg8 27. f6 Qb8 28. Qc2+ Kh8 29. Qe2 R8g6 30. Nh5 Qg8 31. Ng7 Qh7 32. Qf3 Nb6 33. Nxe6 fxe6 34. f7 Nd7 35. f8Q+ Nxf8 36. Qxf8+ Rg8 37. Qf6+ R5g7 38. Rg1 Qe4+ 39. Kh2 Kh7 40. Rxg7+ Rxg7 41. Rg1 Rxg1 42. Kxg1 Qg6+ 43. Qxg6+ Kxg6 44. Kg2 Kg5 45. Kg3 h5 46. Kf3 Kf5 47. Kg3 0-1

[Event "CZE/SVK-chT (Women)"]
[Site "Martin"]
[Date "2010.??.??"]
[Round "6"]
[White "Dvorakova, Magdalena"]
[Black "Zakoucka, Adela"]
[Result "1-0"]
[WhiteElo "2035"]
[BlackElo "1995"]
[PlyCount "109"]
[EventDate "2010.05.??"]
[EventType "team-tourn"]
[EventRounds "7"]
[EventCountry "SVK"]
[SourceTitle "EXT 2012"]
[Source "ChessBase"]
[SourceDate "2011.11.24"]
[SourceVersion "1"]
[SourceVersionDate "2011.11.24"]
[SourceQuality "1"]

1. e4 c5 2. Nf3 Nc6 3. d4 cxd4 4. Nxd4 g6 5. c4 Bg7 6. Be3 Nf6 7. Nc3 0-0 8. Be2 Nxd4 9. Bxd4 d6 10. 0-0 a5 11. Qd2 Nd7 12. Nd5 Nc5 13. Bxg7 Kxg7 14. Qd4+ Kg8 15. Rfd1 Bd7 16. Rac1 Bc6 17. Bf3 e5 18. Qe3 Ne6 19. Rd2 Nd4 20. Nc3 Qb6 21. Ne2 Nxf3+ 22. gxf3 Qxe3 23. fxe3 f5 24. exf5 Rxf5 25. f4 exf4 26. Nxf4 Re8 27. Rc3 g5 28. Nd5 b5 29. b3 b4 30. Rcd3 h5 31. Rf2 Rxf2 32. Kxf2 Kg7 33. Rd2 Kg6 34. Rd4 Kf5 35. Kg3 Re4 36. Rd3 h4+ 37. Kf3 g4+ 38. Kf2 Ke5 39. Ne7 Bb7 40. Ng6+ Ke6 41. Nxh4 Re5 42. Ng2 Be4 43. Nf4+ Ke7 44. Rd2 a4 45. Kg3 Bf5 46. Kf2 Be4 47. Nd5+ Bxd5 48. Rxd5 Re4 49. Rb5 axb3 50. axb3 Ke6 51. Rxb4 Re5 52. Rb8 Kf5 53. Rb5 Rxb5 54. cxb5 Ke6 55. Kg3 1-0

[Event "CZE-ch (Women)"]
[Site "Luhacovice"]
[Date "2003.02.21"]
[Round "1.10"]
[White "Blazkova, Petra"]
[Black "Dvorakova, Magdalena"]
[Result "1-0"]
[WhiteElo "2176"]
[BlackElo "2015"]
[PlyCount "43"]
[EventDate "2003.02.21"]
[EventType "swiss"]
[EventRounds "9"]
[EventCountry "CZE"]
[SourceTitle "CBM 092 Extra"]
[Source "ChessBase"]
[SourceDate "2003.03.07"]
[SourceVersion "1"]
[SourceVersionDate "2003.03.07"]
[SourceQuality "1"]

1. e4 e5 2. Nf3 Nf6 3. Nxe5 d6 4. Nxf7 Kxf7 5. d4 Qe7 6. Bd3 g6 7. 0-0 Bg7 8. e5 dxe5 9. dxe5 Qxe5 10. Re1 Qc5 11. b4 Qd6 12. Bc4+ Kf8 13. Qe2 c6 14. Bf4 Qd8 15. Qe5 Nd5 16. Bh6 Rg8 17. Bxd5 cxd5 18. Qf4+ Bf5 19. g4 Qf6 20. Bg5 Qc6 21. b5 Qb6 22. Qb4+ 1-0

[Event "Czechia op (Women)"]
[Site "Czech Republic"]
[Date "2003.??.??"]
[Round "6"]
[White "Dvorakova, Magdalena"]
[Black "Sikorova, Olga"]
[Result "1/2-1/2"]
[WhiteElo "2045"]
[BlackElo "2260"]
[PlyCount "52"]
[EventDate "2003.??.??"]
[EventType "swiss"]
[EventRounds "9"]
[EventCountry "CZE"]
[SourceTitle "EXT 2007"]
[Source "ChessBase"]
[SourceDate "2006.11.23"]
[SourceVersion "1"]
[SourceVersionDate "2006.11.23"]
[SourceQuality "1"]

1. e4 d5 2. exd5 Nf6 3. Bb5+ Bd7 4. Be2 Nxd5 5. d4 Nb6 6. c4 e5 7. dxe5 Nc6 8. Nf3 Qe7 9. 0-0 Nxe5 10. Nxe5 Qxe5 11. Bd3 0-0-0 12. Re1 Qf6 13. Nc3 Bb4 14. Qc2 Ba4 15. Nxa4 Bxe1 16. Nxb6+ axb6 17. Be3 Ba5 18. a3 Rd6 19. Rd1 Rhd8 20. h3 Rxd3 21. Rxd3 Rxd3 22. Qxd3 Qxb2 23. Qf5+ Kb8 24. Qxf7 Bc3 25. Qe8+ Ka7 26. Qa4+ Kb8 1/2-1/2

[Event "Karvina op"]
[Site "Karvina"]
[Date "2003.??.??"]
[Round "3"]
[White "Michenka, Jozef"]
[Black "Dvorakova, Magdalena"]
[Result "1-0"]
[WhiteElo "2351"]
[BlackElo "2015"]
[PlyCount "61"]
[EventDate "2003.07.??"]
[EventType "swiss"]
[EventRounds "9"]
[EventCountry "CZE"]
[SourceTitle "EXT 2005"]
[Source "ChessBase"]
[SourceDate "2004.11.15"]
[SourceVersion "1"]
[SourceVersionDate "2004.11.15"]
[SourceQuality "1"]

1. d4 d5 2. c4 e6 3. Nc3 c5 4. cxd5 exd5 5. Nf3 Nc6 6. g3 Nf6 7. Bg2 Be7 8. 0-0 0-0 9. Bg5 c4 10. Ne5 Be6 11. e3 h6 12. Bxf6 Bxf6 13. f4 Ne7 14. b4 Qb6 15. a3 Rad8 16. g4 Bxe5 17. fxe5 Qc7 18. Ra2 Qd7 19. h3 Ng6 20. Qe1 f6 21. exf6 Rxf6 22. Rxf6 gxf6 23. Qg3 Kg7 24. Rf2 Rf8 25. a4 a6 26. b5 Rf7 27. e4 dxe4 28. d5 Bxd5 29. Rd2 Ne7 30. Bxe4 axb5 31. axb5 1-0

[Event "Imperia op-A 44th"]
[Site "Imperia"]
[Date "2002.09.01"]
[Round "1"]
[White "Facchetti, Gianni"]
[Black "Dvorakova, Magdalena"]
[Result "1-0"]
[WhiteElo "2138"]
[BlackElo "2015"]
[PlyCount "43"]
[EventDate "2002.09.01"]
[EventType "swiss"]
[EventRounds "9"]
[EventCountry "ITA"]
[SourceTitle "EXT 2007"]
[Source "ChessBase"]
[SourceDate "2006.11.23"]
[SourceVersion "1"]
[SourceVersionDate "2006.11.23"]
[SourceQuality "1"]

1. e4 e5 2. Nf3 Nf6 3. d3 Nc6 4. Be2 Bc5 5. 0-0 h6 6. c3 d6 7. a4 Bb6 8. Nbd2 0-0 9. Nc4 Bd7 10. a5 Bc5 11. b4 Nxb4 12. cxb4 Bxb4 13. Qb3 Bc5 14. Be3 Bxe3 15. Nxe3 Bc6 16. Rfc1 Nd7 17. Qc4 Qe8 18. Nd5 Rc8 19. Nb4 Nc5 20. Nxc6 Qxc6 21. Nxe5 Qe8 22. Ng6 1-0

[Event "CZE-ch (Women)"]
[Site "Frymburk"]
[Date "2002.??.??"]
[Round "5"]
[White "Dvorakova, Magdalena"]
[Black "Ryvova, Anna"]
[Result "1/2-1/2"]
[WhiteElo "1887"]
[BlackElo "1908"]
[PlyCount "110"]
[EventDate "2002.??.??"]
[EventType "swiss"]
[EventRounds "9"]
[EventCountry "CZE"]
[SourceTitle "EXT 2005"]
[Source "ChessBase"]
[SourceDate "2004.11.15"]
[SourceVersion "1"]
[SourceVersionDate "2004.11.15"]
[SourceQuality "1"]

1. b3 e5 2. Bb2 Nc6 3. c4 Nf6 4. e3 d5 5. cxd5 Nxd5 6. a3 Bc5 7. Qc2 Bb6 8. Nf3 f6 9. Bd3 g6 10. Nc3 Nxc3 11. Bxc3 Be6 12. Bb5 Bd7 13. 0-0 0-0 14. Bc4+ Kg7 15. b4 a6 16. Nh4 Ne7 17. Bd3 Ba4 18. Qb1 Qd7 19. Nf3 Bb5 20. Bxb5 Qxb5 21. d4 exd4 22. Nxd4 Bxd4 23. Bxd4 Nc6 24. Bc5 Rfd8 25. Qe4 Re8 26. Qf4 Ne5 27. Bd4 Qd7 28. Rad1 Qe6 29. Rc1 Re7 30. Qe4 Nc6 31. Qxe6 Rxe6 32. Rfd1 Rd6 33. Kf1 Rad8 34. Ke2 Nxd4+ 35. exd4 c6 36. Ke3 Kf7 37. Rc2 Re8+ 38. Kf3 Rd5 39. Rd3 f5 40. Rc5 Red8 41. Ke3 Kf6 42. f3 g5 43. Rxd5 Rxd5 44. g3 h5 45. Rc3 Rd7 46. Rc5 Rd5 47. Rxd5 cxd5 48. f4 g4 49. Kd3 Ke6 50. Kc3 b6 51. a4 Kf6 52. Kd3 Kg6 53. Ke3 h4 54. Kf2 Kh5 55. Kg2 a5 1/2-1/2

[Event "CZE-ch (Women)"]
[Site "Frymburk"]
[Date "2002.??.??"]
[Round "1"]
[White "Dvorakova, Magdalena"]
[Black "Souckova, Marie"]
[Result "1-0"]
[WhiteElo "1887"]
[BlackElo "1443"]
[PlyCount "33"]
[EventDate "2002.??.??"]
[EventType "swiss"]
[EventRounds "9"]
[EventCountry "CZE"]
[SourceTitle "EXT 2005"]
[Source "ChessBase"]
[SourceDate "2004.11.15"]
[SourceVersion "1"]
[SourceVersionDate "2004.11.15"]
[SourceQuality "1"]

1. e4 d5 2. exd5 Nf6 3. Bb5+ Bd7 4. Bc4 c6 5. dxc6 Nxc6 6. d3 Qb6 7. Nf3 e5 8. Nc3 Bc5 9. 0-0 a6 10. Qe2 0-0 11. Ne4 Nxe4 12. Qxe4 Qc7 13. Ng5 g6 14. Qh4 h5 15. Ne4 Be7 16. Bg5 Bxg5 17. Qxg5 1-0

[Event "CZE-ch (Women)"]
[Site "Frymburk"]
[Date "2002.??.??"]
[Round "3"]
[White "Dvorakova, Magdalena"]
[Black "Zakoucka, Adela"]
[Result "1-0"]
[WhiteElo "1887"]
[BlackElo "1650"]
[PlyCount "51"]
[EventDate "2002.??.??"]
[EventType "swiss"]
[EventRounds "9"]
[EventCountry "CZE"]
[SourceTitle "EXT 2005"]
[Source "ChessBase"]
[SourceDate "2004.11.15"]
[SourceVersion "1"]
[SourceVersionDate "2004.11.15"]
[SourceQuality "1"]

1. e4 c5 2. Nf3 Nc6 3. d4 cxd4 4. Nxd4 g6 5. Nc3 Bg7 6. Be3 Nf6 7. Bc4 0-0 8. Bb3 d6 9. f3 Bd7 10. Qe2 Na5 11. 0-0-0 Nxb3+ 12. cxb3 Qc7 13. Kb1 Rfc8 14. h4 a6 15. h5 b5 16. hxg6 fxg6 17. g4 Kf7 18. Nd5 Nxd5 19. exd5 Rh8 20. Bg5 Bf6 21. Ne6 Qb7 22. Qe4 Be5 23. f4 Bg7 24. Rde1 Rae8 25. Nd8+ Rxd8 26. Qxe7+ 1-0

[Event "CZE-ch (Women)"]
[Site "Frymburk"]
[Date "2002.??.??"]
[Round "4"]
[White "Kubikova, Alena"]
[Black "Dvorakova, Magdalena"]
[Result "1/2-1/2"]
[WhiteElo "1776"]
[BlackElo "1887"]
[PlyCount "105"]
[EventDate "2002.??.??"]
[EventType "swiss"]
[EventRounds "9"]
[EventCountry "CZE"]
[SourceTitle "EXT 2005"]
[Source "ChessBase"]
[SourceDate "2004.11.15"]
[SourceVersion "1"]
[SourceVersionDate "2004.11.15"]
[SourceQuality "1"]

1. e4 c5 2. c3 d5 3. exd5 Qxd5 4. d4 Nf6 5. Nf3 Bg4 6. Be2 e6 7. h3 Bh5 8. Na3 a6 9. Nc2 Nc6 10. 0-0 Be7 11. Be3 Rd8 12. Nd2 cxd4 13. Nxd4 Nxd4 14. Bxd4 0-0 15. Bxh5 Nxh5 16. Qb3 Nf4 17. Qxd5 Rxd5 18. Nf3 Ne2+ 19. Kh1 Nxd4 20. Nxd4 Rfd8 21. Rfe1 Bc5 22. Rac1 Kf8 23. Re4 Bxd4 24. cxd4 Rxd4 25. Rxd4 Rxd4 26. Rc7 Rb4 27. b3 Rb5 28. f3 b6 29. Ra7 Ra5 30. a4 b5 31. axb5 Rxb5 32. Rxa6 Rxb3 33. Ra7 h5 34. Kg1 Rb2 35. Kf1 g6 36. Kg1 Kg7 37. Kf1 g5 38. Ra5 Kg6 39. Kg1 f6 40. Rc5 Rd2 41. Kf1 Ra2 42. Kg1 g4 43. hxg4 hxg4 44. Rc4 gxf3 45. gxf3 Kf5 46. Kf1 Ke5 47. Re4+ Kd5 48. Rb4 f5 49. Ke1 Rc2 50. Ra4 Ke5 51. Rb4 Ra2 52. Kf1 Rd2 53. Ke1 1/2-1/2

[Event "CZE-ch (Women)"]
[Site "Frymburk"]
[Date "2002.??.??"]
[Round "2"]
[White "Kubikova, Hana"]
[Black "Dvorakova, Magdalena"]
[Result "1-0"]
[WhiteElo "2181"]
[BlackElo "1887"]
[PlyCount "93"]
[EventDate "2002.??.??"]
[EventType "swiss"]
[EventRounds "9"]
[EventCountry "CZE"]
[SourceTitle "EXT 2005"]
[Source "ChessBase"]
[SourceDate "2004.11.15"]
[SourceVersion "1"]
[SourceVersionDate "2004.11.15"]
[SourceQuality "1"]

1. d4 d5 2. Nf3 Nf6 3. Bf4 c5 4. e3 e6 5. c3 Nc6 6. Nbd2 Bd6 7. Bg3 0-0 8. Bd3 b6 9. 0-0 Qe7 10. Ne5 Bb7 11. f4 Qc7 12. Bh4 Be7 13. Rf3 Ne4 14. Rh3 f6 15. Nxe4 dxe4 16. Bxe4 Nxe5 17. Bxb7 Qxb7 18. fxe5 fxe5 19. Bxe7 Qxe7 20. Qh5 g6 21. Qxe5 Rf5 22. Qe4 Raf8 23. Rf3 cxd4 24. exd4 Rxf3 25. gxf3 Qg5+ 26. Kh1 Qf6 27. Rf1 Rf7 28. Rf2 Re7 29. Re2 Kf7 30. Kg2 Qg5+ 31. Kf2 Qh6 32. Qe5 Qh4+ 33. Ke3 Kg8 34. Kd2 Qh6+ 35. Kc2 Qf8 36. d5 Qe8 37. b3 Qc8 38. Qf6 Rf7 39. Qxe6 Qc5 40. d6 Qa3 41. b4 Qa4+ 42. Qb3 Qb5 43. Re7 Qf5+ 44. Kb2 Kg7 45. Qxf7+ Qxf7 46. Rxf7+ Kxf7 47. c4 1-0

[Event "CZE-ch (Women)"]
[Site "Trinec"]
[Date "2001.??.??"]
[Round "?"]
[White "Holusova, Tana"]
[Black "Dvorakova, Magdalena"]
[Result "1-0"]
[WhiteElo "2020"]
[BlackElo "2044"]
[PlyCount "45"]
[EventDate "2001.07.??"]
[EventType "swiss"]
[EventRounds "9"]
[EventCountry "CZE"]
[SourceTitle "EXT 2002"]
[Source "ChessBase"]
[SourceDate "2001.11.25"]
[SourceVersion "1"]
[SourceVersionDate "2001.11.25"]
[SourceQuality "1"]

1. e4 c5 2. Nf3 b6 3. d4 cxd4 4. Nxd4 Bb7 5. Nc3 a6 6. Bd3 g6 7. f4 Bg7 8. Nf3 d6 9. 0-0 Nd7 10. Qe1 Ngf6 11. Bd2 0-0 12. Qh4 Nc5 13. Rae1 Qc7 14. f5 Rad8 15. Bg5 Rfe8 16. fxg6 hxg6 17. Bh6 Ne6 18. Kh1 d5 19. Bxg7 Kxg7 20. e5 Nd7 21. Ng5 Nxg5 22. Qxg5 e6 23. Rxf7+ 1-0

[Event "Wch U20 Girls"]
[Site "Yerevan"]
[Date "2000.10.01"]
[Round "12"]
[White "Ionica, Iulia Ionela"]
[Black "Dvorakova, Magdalena"]
[Result "1-0"]
[WhiteElo "2160"]
[BlackElo "2026"]
[PlyCount "65"]
[EventDate "2000.09.02"]
[EventType "swiss"]
[EventRounds "13"]
[EventCountry "ARM"]
[SourceTitle "CBM 078 Extra"]
[Source "ChessBase"]
[SourceDate "2000.11.10"]
[SourceVersion "1"]
[SourceVersionDate "2000.11.10"]
[SourceQuality "1"]

1. e4 c5 2. Nf3 b6 3. d4 cxd4 4. Nxd4 Bb7 5. Nc3 a6 6. Be2 d6 7. f4 Nd7 8. Bf3 g6 9. 0-0 e5 10. Nb3 Ngf6 11. Kh1 h5 12. f5 Be7 13. fxg6 fxg6 14. Nd5 Nxd5 15. exd5 Nf6 16. Qd3 Rg8 17. Bg5 Nh7 18. Be3 Nf6 19. Nd2 g5 20. Be4 Nxe4 21. Qxe4 b5 22. c4 Rg7 23. a4 Qd7 24. b3 b4 25. a5 0-0-0 26. Ra4 g4 27. Rxb4 Rf8 28. Rxf8+ Bxf8 29. Ra4 Be7 30. Ra1 h4 31. Rf1 Bd8 32. Rf8 Rf7 33. Rh8 1-0

[Event "SVK-chB op"]
[Site "Zvolen"]
[Date "2000.08.31"]
[Round "6"]
[White "Syrovy, Ivan"]
[Black "Dvorakova, Magdalena"]
[Result "1-0"]
[WhiteElo "2140"]
[BlackElo "2026"]
[PlyCount "57"]
[EventDate "2000.08.27"]
[EventType "swiss"]
[EventRounds "9"]
[EventCountry "SVK"]
[SourceTitle "EXT 2001"]
[Source "ChessBase"]
[SourceDate "2000.11.22"]
[SourceVersion "1"]
[SourceVersionDate "2000.11.22"]
[SourceQuality "1"]

1. e4 c5 2. Nf3 b6 3. d4 cxd4 4. Nxd4 Bb7 5. Nc3 a6 6. f4 d6 7. Bd3 Nd7 8. 0-0 g6 9. Qe1 Bg7 10. Nf3 Qc7 11. Bd2 Ngf6 12. Qg3 0-0 13. Rae1 Nc5 14. f5 Rac8 15. Ng5 Ncd7 16. fxg6 hxg6 17. Qh4 Rfe8 18. Rf3 Nf8 19. Ref1 Qd7 20. Rg3 Ne6 21. Nxe6 Qxe6 22. Bh6 Rc5 23. Nd5 Nh5 24. Bxg7 Nxg7 25. Rh3 f6 26. Qh7+ Kf7 27. Rg3 Rg8 28. Qxg6+ Kf8 29. Nxf6 1-0

[Event "CZE-ch op (Women)"]
[Site "Ricany"]
[Date "2000.??.??"]
[Round "3"]
[White "Dvorakova, Magdalena"]
[Black "Ryvova, Anna"]
[Result "0-1"]
[WhiteElo "2026"]
[BlackElo "2002"]
[PlyCount "44"]
[EventDate "2000.??.??"]
[EventType "swiss"]
[EventRounds "9"]
[EventCountry "CZE"]
[SourceTitle "EXT 2003"]
[Source "ChessBase"]
[SourceDate "2002.11.25"]
[SourceVersion "1"]
[SourceVersionDate "2002.11.25"]
[SourceQuality "1"]

1. e4 d5 2. exd5 Qxd5 3. Nc3 Qa5 4. d4 Nf6 5. Nf3 Bf5 6. Bc4 e6 7. Bd2 c6 8. Nd5 Qd8 9. Nxf6+ Qxf6 10. Qe2 Qd8 11. 0-0-0 Be7 12. h3 Nd7 13. Rhe1 Nf6 14. Bf4 Nd5 15. Bh2 Qa5 16. Bb3 Bb4 17. Nd2 b5 18. Qe5 0-0 19. g4 Bg6 20. Rg1 Nc3 21. bxc3 Qa3+ 22. Kb1 Bxc3 0-1

[Event "CZE-ch op (Women)"]
[Site "Ricany"]
[Date "2000.??.??"]
[Round "7"]
[White "Dvorakova, Magdalena"]
[Black "Saljova, Silvie"]
[Result "1/2-1/2"]
[WhiteElo "2026"]
[BlackElo "2157"]
[PlyCount "150"]
[EventDate "2000.??.??"]
[EventType "swiss"]
[EventRounds "9"]
[EventCountry "CZE"]
[SourceTitle "EXT 2003"]
[Source "ChessBase"]
[SourceDate "2002.11.25"]
[SourceVersion "1"]
[SourceVersionDate "2002.11.25"]
[SourceQuality "1"]

1. e4 d5 2. exd5 Qxd5 3. Nc3 Qa5 4. d4 c6 5. Nf3 Nf6 6. Bc4 Bf5 7. Bd2 e6 8. Nd5 Qd8 9. Nxf6+ gxf6 10. c3 Qc7 11. Nh4 Bg6 12. Qf3 Nd7 13. Qh3 Bg7 14. Qg3 Qxg3 15. hxg3 Be4 16. 0-0-0 f5 17. Rde1 0-0-0 18. Rh2 c5 19. dxc5 Nxc5 20. Reh1 Bd5 21. Bxd5 Rxd5 22. Be3 Nd3+ 23. Kc2 Rhd8 24. Nf3 Rb5 25. Rb1 h6 26. Bxa7 Rd6 27. Be3 e5 28. Rhh1 Ra5 29. a3 e4 30. Nd4 Bxd4 31. Bxd4 f4 32. gxf4 Nxf4 33. Rh2 f5 34. Rbh1 Ne2 35. Be3 f4 36. Bc1 Rg6 37. Bd2 Rd5 38. Re1 f3 39. gxf3 Ng1 40. Rxg1 Rxg1 41. fxe4 Re5 42. Rxh6 Rxe4 43. Be3 Rf1 44. b4 Re7 45. a4 Rd7 46. a5 Rdd1 47. b5 Ra1 48. a6 bxa6 49. bxa6 Ra2+ 50. Kb3 Rfa1 51. a7 Kb7 52. f4 Ra5 53. Kc4 R1a4+ 54. Kd3 Rd5+ 55. Bd4 Ra2 56. Rf6 Rd8 57. f5 Re8 58. Rh6 Rg2 59. f6 Rg3+ 60. Kc4 Rc8+ 61. Kd5 Rg5+ 62. Ke4 Re8+ 63. Kf4 Rd5 64. Rg6 Rh5 65. Kg4 Rd5 66. f7 Rf8 67. Rg8 Rdd8 68. Rg5 Rxf7 69. Rb5+ Ka8 70. Rf5 Rg8+ 71. Kf4 Rxf5+ 72. Kxf5 Rc8 73. Ke6 Kb7 74. Kd5 Rxc3 75. Bxc3 Kxa7 1/2-1/2